MLB Statistical Leaders by Team - Statistics

General Stats
  • This quiz has been taken 96 times
  • The average score is 66 of 121
Answer Stats
Hint Answer % Correct
Atlanta Braves HR 733 Hank Aaron
99%
RBI 2,202 Hank Aaron
99%
W 118 Randy Johnson
96%
K 2,077 Randy Johnson
96%
W 417 Walter Johnson
96%
K 3,509 Walter Johnson
96%
Baltimore Orioles HR 431 Cal Ripken Jr.
92%
RBI 1,695 Cal Ripken Jr.
92%
Boston Red Sox HR 521 Ted Williams
92%
New York Yankees HR 659 Babe Ruth
90%
Chicago White Sox HR 448 Frank Thomas
85%
RBI 1,465 Frank Thomas
85%
Texas Rangers HR 372 Juan Gonzalez
85%
RBI 1,180 Juan Gonzalez
85%
Arizona Diamondbacks HR 224 Luis Gonzalez
85%
RBI 774 Luis Gonzalez
85%
San Francisco Giants HR 646 Willie Mays
85%
RBI 1,261 Edgar Martinez
84%
Chicago Cubs HR 545 Sammy Sosa
84%
Kansas City Royals HR 317 George Brett
81%
RBI 1,595 George Brett
81%
Los Angeles Angels HR 310 Mike Trout
81%
Seattle Mariners HR 417 Ken Griffey Jr.
79%
Philadelphia Phillies HR 548 Mike Schmidt
79%
RBI 1,595 Mike Schmidt
79%
Colorado Rockies HR 369 Todd Helton
79%
RBI 1,406 Todd Helton
79%
K 3,011 John Smoltz
78%
K 1,866 Nolan Ryan
78%
K 2,416 Nolan Ryan
78%
W 192 Roger Clemens
77%
K 2,590 Roger Clemens
77%
St. Louis Cardinals HR 475 Stan Musial
77%
RBI 1,951 Stan Musial
77%
Miami Marlins HR 267 Giancarlo Stanton
75%
RBI 672 Giancarlo Stanton
75%
Houston Astros HR 449 Jeff Bagwell
75%
RBI 1,529 Jeff Bagwell
75%
Cleveland Guardians HR 337 Jim Thome
75%
RBI 1,995 Lou Gehrig
74%
W 268 Jim Palmer
71%
K 2,212 Jim Palmer
71%
Cincinnati Reds HR 389 Johnny Bench
70%
RBI 1,376 Johnny Bench
70%
Oakland Athletics HR 365 Mark McGwire
70%
RBI 1,138 Tony Gwynn
70%
W 251 Bob Gibson
68%
K 3,117 Bob Gibson
68%
RBI 1,844 Carl Yastrzemski
68%
Minnesota Twins HR 559 Harmon Killebrew
68%
RBI 1,540 Harmon Killebrew
68%
RBI 1,406 Robin Yount
68%
Milwaukee Brewers HR 352 Ryan Braun
68%
W 198 Tom Seaver
68%
K 2,541 Tom Seaver
68%
Pittsburgh Pirates HR 475 Willie Stargell
68%
RBI 1,540 Willie Stargell
68%
W 168 Felix Hernandez
66%
K 2,439 Felix Hernandez
66%
Detroit Tigers HR 399 Al Kaline
63%
New York Mets HR 252 Darryl Strawberry
63%
Tampa Bay Rays HR 261 Evan Longoria
63%
RBI 892 Evan Longoria
63%
RBI 1,804 Ty Cobb
63%
192 Cy Young
62%
RBI 970 David Wright
56%
Washington Nationals HR 284 Ryan Zimmerman
56%
RBI 1,061 Ryan Zimmerman
56%
W 241 Steve Carlton
56%
K 3,031 Steve Carlton
56%
W 236 Whitey Ford
56%
W 266 Bob Feller
53%
K 2,581 Bob Feller
53%
W 356 Warren Spahn
53%
K 1,718 Stephen Strasburg
52%
K 2,020 Andy Pettitte
51%
Los Angeles Dodgers HR 389 Duke Snider
47%
RBI 1,271 Duke Snider
47%
W 372 Christy Mathewson
45%
K 2,504 Christy Mathewson
45%
Toronto Blue Jays HR 336 Carlos Delgado
44%
RBI 1,058 Carlos Delgado
44%
K 2,038 Fergie Jenkins
42%
RBI 1,860 Mel Ott
41%
W 175 Dave Stieb
38%
K 1,658 Dave Stieb
38%
RBI 1,879 Cap Anson
37%
W 233 Don Sutton
33%
K 2,696 Don Sutton
33%
K 1,348 Jake Peavy
33%
W 144 Joe Niekro
33%
RBI 1,259 Garret Anderson
32%
W 158 Steve Rogers
27%
W 87 James Shields
26%
K 1,250 James Shields
26%
W 165 Chuck Finley
23%
San Diego Padres HR 163 Nate Colbert
21%
W 284 Eddie Plank
19%
K 1,985 Eddie Plank
19%
K 1,458 Kevin Appier
19%
K 1452 Charle Hough
18%
W 139 Charlie Hough
18%
K 2,679 Mickey Lolich
18%
W 166 Paul Splittorff
15%
W 260 Ted Lyons
12%
RBI 1,178 Al Simmons
10%
W 86 Jorge de la Rosa
8%
K 985 Jorge de la Rosa
8%
W 202 Wilbur Cooper
8%
K 1,226 Yovani Gallardo
8%
RBI 1,084 Earl Averill
5%
W 100 Eric Show
4%
K 1,592 Jim Maloney
4%
W 81 Ricky Nolasco
4%
K 1,001 Ricky Nolasco
4%
K 1,796 Billy Pierce
3%
W 201 Charlie Root
3%
W 179 Eppa Rixey
3%
W 222 Hooks Dauss
3%
K 1,682 Bob Friend
1%
W 117 Jim Slaton
1%
No matching quizzes found
Score Distribution
Percent of People with Each Score
Percentile by Number Answered
Your Score History
You have not taken this quiz